000 01084nam a22002537a 4500
005 20120112143825.0
008 120112t xxu||||| |||| 00| 0 mar d
010 _aMAR-22133
020 _c100.00
_a81861521938
035 _aMR-14791
037 _bDBAD/PUB
040 _aDPL
_bMR
082 _a891.461
100 _939079
_aहिंगोणेकर, संजय
245 _aप्रारंभ /
_cसंजय हिंगोणेकर
246 _aPrarambh
_bby Sanjay Hingonekar
260 _aपुणे
_bसुविद्या प्रकाशन
_c2011
270 _a149,शनिवार पेठ,
_bपुणे
_e411030
300 _a93पृ
_c21सेमी(अजिल्द)
650 _aमराठी कवितासंग्रह
_947562
650 _aMarathi Poetry
_947563
942 _2ddc
_cMR
_mहिंगोणे
_h891.461
999 _c66949
_d66949